000
00252nam a2200109Ia 4500
008
190216s9999||||xx |||||||||||||| ||und||
100
_a
Mishra N
245
0
_a
Fundamentals Of Business Organisation
260
_b
Null
_c
1987
300
_a
604p
942
_c
BK
999
_c
5401
_d
5401